Outsourcing v energetike

Očakávané prínosy interného outsourcingu v sektore energetiky. Hlavné subjekty trhu a ich vzťahy. Prechod na outsourcingovú štruktúru v podmienkach unbundlingu (t.j. oddelenie výroby, predaja a distribúcie) vertikálne integrovaného podniku.

Gespeichert in:
Bibliographische Detailangaben
1. Verfasser: Kovalík, Stanislav
Format: Buchkapitel
Sprache:Slowakisch
Schlagworte:
Tags: Tag hinzufügen
Keine Tags, Fügen Sie das erste Tag hinzu!

MARC

LEADER 00000naa$a2200000$$$4500
001 0066571
005 20221128091436.9
041 0 |a slo 
044 |a SK 
245 1 0 |a Outsourcing v energetike  |c Stanislav Kovalík 
520 |a Očakávané prínosy interného outsourcingu v sektore energetiky. Hlavné subjekty trhu a ich vzťahy. Prechod na outsourcingovú štruktúru v podmienkach unbundlingu (t.j. oddelenie výroby, predaja a distribúcie) vertikálne integrovaného podniku. 
610 2 0 |a outsourcing 
610 2 0 |a energetika 
610 2 0 |a trh 
610 2 0 |a výroba energie 
610 2 0 |a predaj 
610 2 0 |a distribúcia 
100 1 |a Kovalík, Stanislav